| 000 | 00417cam a2200145ua 4500 | ||
|---|---|---|---|
| 041 |
_aeng _h |
||
| 082 |
_a824 _bCAR/RO |
||
| 100 | _aCarnall, Geoffrey . | ||
| 245 |
_aRobert Southey and his age: The development of a conservative mind / _cGeoffrey Carnall. _hTextual Documents |
||
| 260 |
_aLondon : _bOxford at the Clarendon Press , _c1960. |
||
| 300 | _a233 ; . | ||
| 504 | _a | ||
| 942 | _cBK | ||
| 999 |
_c3952 _d3952 |
||